000 00655nam a2200253Ia 4500
003 OSt
005 20221005031455.0
006 a|||||r|||| 00| 0
007 ta
008 221004b |||||||| |||| 00| 0 tam d
020 _c5.50
024 _a65043
037 _cTextual
040 _aCRL
_cCRL
_btam
041 _2tam
_atam
082 _aO31,3N10,16, J6
100 _aKannan P.M. Au.
_9583769
245 0 _aJyothi Minnel
260 _aChennai
_bAmutha Nilayam India
_c1956
300 _a408p.
_ccm.
650 _aTAMIL LITERATURE
942 _hO31,3N10,16, J6
_cTEXL
_2cc
999 _c937827
_d937827